Представление документа в формате RUSMARC

ПолеНазваниеЗначение
  Тип записи a
  Библиографический уровень a
001 Контрольный номер RU/CBS_UL/BASE/9c88b6f20024408dbbc60bca3c355a1e
005 Дата корректировки 20260423095134.0
100 Данные общей обработки __
a Данные общей обработки 20260423 ||| 0rusy0189 ca
101 Язык документа 0_
a Язык текста rus
102 Страна публикации __
a Страна публикации RU
200 Заглавие и сведения об ответственности 1_
a Заглавие По-настоящему он любил только поэзию
e Сведения, относящиеся к заглавию [140 лет назад родился Николай Гумилёв]
f Первые сведения об ответственности М. Замшев
300 Общие примечания __
a Общие примечания 12+
461 Уровень набора _0
1 2000
a Литературная газета
463 Уровень физической единицы _0
1 2000
a № 15 (15-21 апр.)
v С.1 ; 23
1 2101
d 2026
1 001RU/CBS_UL/BASE/1c7c8416be204e73aeb92d99be15821e
600 Персоналии _1
a Персоналии (Фамилия) Гумилев
b Персоналии (Имя, инициалы) Н. С.
606 Тематические рубрики 0_
a Основная рубрика Гумилев, Николай Степанович (1886-1921)
610 Ключевые слова 0_
a Ключевые слова российские поэты; русские поэты; поэты; литературоведение; поэты серебряного века; серебряный век
686 Индексы других классификаций __
a Классификационный индекс 83.3(2Рос=Рус)6
700 Автор _1
a Фамилия Замшев
b Имя (инициалы) М.
801 Источник записи _0
a Страна RU
b Организация МБУК ЦБС г. Ульяновска
c Дата составления 20260423
g Правила каталогизации RCR
801 Источник записи _1
a Страна RU
b Организация МБУК ЦБС г. Ульяновска
c Дата составления 20260423
g Правила каталогизации RCR
901 Тип документа __
t Тип документа f
w Контрольный № источника RU/CBS_UL/BASE/1c7c8416be204e73aeb92d99be15821e
909 Создатель записи __
a Создатель записи mbo